000 00678nam a2200193 u 4500
001 000055249
005 20200120223033.0
008 110301s1973 ag g fr 000 0 spa d
041 0 _a* spa
082 0 4 _a787.36
_bB87
_221
100 1 _aBures, Eugenio J.
245 1 0 _aEscalas y arpegios [música impresa] /
_cEugenio J. Bures.
250 _a14a. ed.
260 _aBuenos Aires (Argentina) :
_bRicordi Americana,
_c1973.
300 _a1 partitura (32 p.) :
_bil.
490 0 _aLos grandes clasicos para los pequeños pianistas
650 1 7 _aMúsica para flauta dulce
_xEnseñanza
_vEstudios y ejercicios
_vPartituras
_2LEMB.
650 2 7 _aFlauta dulce
_vEstudios y ejercicios
_2LEMB.
999 _c4813
_d4813